Sidus Subductum Quippe Illustrissimum, Ac Reverendissimum Dominum Dominum Josephum Viber...

Bibliographic Details
Format: Book
Language:English
PhysicalDescription:8 s.
Published: Tirnavie Literis Sigismundi Winter 1855

MARC

LEADER 00000nam a2200000 a 4500
001 vtls008954211
003 SK-MaSNL
005 20260223225745.0
008 141106 000 0 eng
040 |a SNK  |b slo  |c SNK  |e AACR2 
041 0 |a eng 
245 1 |a Sidus Subductum Quippe Illustrissimum, Ac Reverendissimum Dominum Dominum Josephum Viber... 
260 |a Tirnavie  |b Literis Sigismundi Winter  |c 1855 
300 |a 8 s. 
999 |c 740515  |d 742445 
952 |a SNK  |b SNK  |y PREZ  |7 0  |p 17A0542635  |o snkSB 12504 D1  |i snkK 667/80  |8 3  |3 rekatalogizácia  |0 0  |1 0  |4 0  |d 2007-03-12  |l 0  |r 2026-02-23 22:57:45  |w 2026-02-23 
952 |a SNK  |b SNK  |y PREZ  |7 0  |p 17A0811494  |o snkSB 12504  |0 0  |1 0  |4 0  |d 2012-07-26  |f 1  |l 0  |r 2025-03-06 00:00:00  |w 2026-02-23